Almacenamiento en atmósferas controladas de frutas y hortalizas
Na minha lista:
| Autor principal: | |
|---|---|
| Formato: | Livro |
| Idioma: | espanhol |
| Publicado em: |
Zaragoza
Acribia
2003
|
| Edição: | 1a. ed |
| Assuntos: | |
| Tags: |
Adicionar Tag
Sem tags, seja o primeiro a adicionar uma tag!
|
MARC
| LEADER | 00000nam a2200000 a 4500 | ||
|---|---|---|---|
| 001 | UCK6404 | ||
| 003 | CL-VaPUC | ||
| 008 | 050930e20030000SP |||||||||||||||||spa|d | ||
| 020 | |a 8420010197 | ||
| 082 | 0 | 4 | |a 635.0468 |b THO |2 21 |
| 100 | 0 | |a Thompson, A. K |e author |9 495608 | |
| 245 | 1 | 0 | |a Almacenamiento en atmósferas controladas de frutas y hortalizas |
| 250 | |a 1a. ed | ||
| 300 | |a 273 p | ||
| 942 | |c BK | ||
| 945 | |d 20050930 00:00:00 |a cmena | ||
| 260 | |a Zaragoza |b Acribia |c 2003 | ||
| 650 | 0 | |a Fruticultura |9 259678 | |
| 650 | 0 | |a Horticultura |9 259721 | |
| 650 | 0 | |a Industria agrícola |9 264819 | |
| 650 | 0 | |a Almacenamiento |9 341876 | |
| 650 | 0 | |a Atmósfera controlada |9 495609 | |
| 650 | 0 | |a Frutas |9 259500 | |
| 650 | 0 | |a Hortalizas |9 259501 | |
| 583 | |a last modification |c 20171117 10:02:44 |k Rodrigo Vera | ||
| 999 | |c 314691 |d 314689 | ||
| 952 | |0 0 |1 0 |4 0 |6 635_046800000000000_THO_2003 |7 0 |8 A |9 387345 |a BIBAGR |b BIBAGR |d 2019-11-22 |i 4171047 |o 635.0468 THO 2003 |p 4171047 |r 2025-01-20 |w 2019-11-22 |y BK |k AGR | ||